[Event "Lille Luce op 6th"]
[Site "Lille"]
[Date "2015.05.06"]
[Round "4"]
[White "Wambergue, Maurice"]
[Black "Simon, Fernand"]
[Result "1-0"]
[WhiteElo "1871"]
[BlackElo "1404"]
[PlyCount "58"]
[EventDate "2015.05.04"]
[EventType "swiss"]
[EventRounds "9"]
[EventCountry "FRA"]
[SourceTitle "EXT 2017"]
[Source "ChessBase"]
[SourceDate "2016.10.25"]
[SourceVersion "1"]
[SourceVersionDate "2016.10.25"]
[SourceQuality "1"]

1. e4 c5 2. Nf3 d6 3. d4 cxd4 4. Nxd4 Nf6 5. Nc3 g6 6. Bc4 Bg7 7. f3 0-0 8. Be3 Nc6 9. Qd2 Bd7 10. g4 Be6 11. Bxe6 Nxd4 12. Bxf7+ Rxf7 13. Bxd4 Qf8 14. Qe2 a6 15. 0-0-0 Bh6+ 16. Kb1 Nd7 17. Rhf1 Bf4 18. Nd5 Bg5 19. Nc7 Rc8 20. Ne6 Qh6 21. Nxg5 Qxg5 22. Qd2 Qb5 23. h4 e5 24. Bc3 Rc6 25. h5 Nf8 26. Qd3 Qa4 27. f4 Rcc7 28. fxe5 dxe5 29. Rxf7 Rxf7 1-0

[Event "Lille Luce op 6th"]
[Site "Lille"]
[Date "2015.05.04"]
[Round "1"]
[White "Simon, Fernand"]
[Black "Chatton, Jean Bernard"]
[Result "1/2-1/2"]
[WhiteElo "1404"]
[BlackElo "1721"]
[PlyCount "56"]
[EventDate "2015.05.04"]
[EventType "swiss"]
[EventRounds "9"]
[EventCountry "FRA"]
[SourceTitle "EXT 2017"]
[Source "ChessBase"]
[SourceDate "2016.10.25"]
[SourceVersion "1"]
[SourceVersionDate "2016.10.25"]
[SourceQuality "1"]

1. d4 Nf6 2. c4 e6 3. Nc3 Bb4 4. Qc2 c5 5. dxc5 Na6 6. Bg5 Nxc5 7. e3 0-0 8. Bd3 Nxd3+ 9. Qxd3 h6 10. Bh4 Be7 11. Nf3 d5 12. cxd5 Nxd5 13. Bxe7 Nxe7 14. 0-0-0 Qc7 15. Kb1 a6 16. Rc1 Rd8 17. Qe4 Qc6 18. Qf4 Ng6 19. Qg3 Bd7 20. Rhd1 Be8 21. Nd4 Qd6 22. f4 Qb6 23. h4 Rac8 24. h5 Ne7 25. Ne4 Kh8 26. Qf2 Ba4 27. Rg1 Bc6 28. Nc3 Nd5 1/2-1/2

[Event "Lille Luce op 6th"]
[Site "Lille"]
[Date "2015.??.??"]
[Round "8.61"]
[White "Simon, Fernand"]
[Black "Duee, Paul"]
[Result "1-0"]
[WhiteElo "1404"]
[BlackElo "1650"]
[PlyCount "73"]
[EventDate "2015.05.04"]
[EventType "swiss"]
[EventRounds "9"]
[EventCountry "FRA"]
[SourceTitle "EXT 2017"]
[Source "ChessBase"]
[SourceDate "2016.10.25"]
[SourceVersion "1"]
[SourceVersionDate "2016.10.25"]
[SourceQuality "1"]

1. d4 d5 2. c4 c6 3. Nf3 Nf6 4. Nc3 Bf5 5. Qb3 Qb6 6. c5 Qxb3 7. axb3 e6 8. Bf4 Nbd7 9. e3 Be7 10. b4 0-0 11. b5 Ne4 12. Na4 Rfc8 13. b4 Bd8 14. Be2 g5 15. Be5 Bc7 16. bxc6 bxc6 17. Ba6 Nxe5 18. Nxe5 Bxe5 19. Bxc8 Bxd4 20. exd4 Rxc8 21. f3 Nf6 22. Ke2 Rb8 23. g4 Bg6 24. Nb2 Rxb4 25. Nd3 Bxd3+ 26. Kxd3 Nd7 27. Rxa7 Nb8 28. Ra3 Nd7 29. h4 e5 30. hxg5 Rxd4+ 31. Ke3 Nxc5 32. Rh6 Ne6 33. Rf6 c5 34. Ra7 Nxg5 35. Rf5 h6 36. Rxe5 Rf4 37. Kxf4 1-0